Geography Generator Puzzle #12 - Statistics

General Stats
  • This quiz has been taken 404 times
    377 since last reset
  • The average score is 8 of 21
Answer Stats
Hint Answer % Correct
African country 2 Gabon
81%
spherical map of the Earth globe
80%
narrow road lane
59%
Roman sports venue (eg the Colosseum) arena
58%
Norway in Norwegian Norge
51%
African country 1 Angola
45%
Ankara's historic name, also a rabbit breed Angora
43%
Netherlands' Royal House Orange
38%
mountain in German berg
37%
city in greater Los Angeles Santa {Ana}
37%
swamp bog
36%
Polish ring-shaped bread bagel
31%
9-letter location BANGALORE
31%
Alcatraz's or San Quentin's British spelling gaol
26%
4-letter Spanish province (and its capital) León
26%
capital of Liguria Genoa
23%
sea mollusc with colorful shell abalone
16%
Asia's 3rd longest river, 4470 km, in Russia Lena
15%
4-letter Scottish hill slope brae
13%
Montenegro in Montenegrin Crna {Gora}
13%
4-letter Hindu classical music form raga
12%
No matching quizzes found
Score Distribution
Percent of People with Each Score
Percentile by Number Answered
Your Score History
You have not taken this quiz since the last reset